000 00566cam a2200193 4500
001 D8466
008 090401t1922 xxu||||| |||| 00| 0 eng d
035 _a(Sirsi) u13273
041 _aeng
050 _a692.2
100 _aRudall, Arthur Reginald
245 _aParty walls and the rights and liabilities of adjoining owners in relation thereto at common law and under the London Building Act, 1894
260 _aLondon
_bJordan and Sons
_c1922
300 _axx. 265p. 21cm
350 _a0
650 _aParty walls
_96258
942 _n0
948 _c04/03/1997
999 _c87077
_d87077